| 000 | 00726nam a2200241Ia 4500 | ||
|---|---|---|---|
| 003 | OSt | ||
| 005 | 20220928113557.0 | ||
| 006 | a|||||r|||| 00| 0 | ||
| 007 | ta | ||
| 008 | 220927b |||||||| |||| 00| 0 eng d | ||
| 024 | _a50286 | ||
| 037 | _cTextual | ||
| 040 |
_aSDCL _cSDCL _beng |
||
| 041 |
_2eng _aeng |
||
| 082 | _aXM8:958.1'P, P7 | ||
| 100 |
_aBanerjee Subhabrata Bobby _9433941 |
||
| 245 | 0 |
_aCorporate social responsibility _bThe good the bad and the ugly |
|
| 260 |
_aCheltenham _bEdward Elgar _c2007 |
||
| 300 |
_avii,211p _ccm. |
||
| 650 |
_aCorporate Social Responsibility _9408522 |
||
| 942 |
_hXM8:958.1'P, P7 _cTEXL _2CC |
||
| 999 |
_c750340 _d750340 |
||